000 00657nam a22001817a 4500
005 20251108171233.0
008 250721s1991 xx 000 0 ara d
082 1 4 _aم/415/غزى
100 1 _aالغزي، محمد بن القاسم
245 1 0 _aفتح الرب المالك بشرح الفية بن مالك /
264 1 _aطرابلس :
_bكلية الدعوة الإسلامية ولجنة المحافظة على التراث الإسلامي،
_c1991.
300 _a383ص
490 0 _aالسلسلة التراثية ، 4
650 1 7 _aاللغة العربية
650 1 7 _aالنحو والصرف
942 _2ddc
_cREF
999 _c60102
_d60102